Elinor Ostrom a Oliver E. Williamson a ich prínos do dejín financií

Držiteľmi Nobelovej ceny sú Elinor Ostromová a Oliver Williamson. Toto prestížne ocenenie získali za rok 2009. Ostromová získala ocenenie za to, že dokázala ako môže byť spoločný majetok úspešne riadený asociáciami jeho užívateľov. Vypracovala analýzu ekonomického riadenia v oblasti verejných stat...

Description complète

Enregistré dans:
Détails bibliographiques
Auteur principal: Baláži, Peter
Format: Chapitre de livre
Langue:slovaque
Sujets:
Tags: Ajouter un tag
Pas de tags, Soyez le premier à ajouter un tag!

MARC

LEADER 00000nla a2200000 4500
001 0212887
005 20240502073537.2
041 0 |a slo 
044 |a SK 
245 1 0 |a Elinor Ostrom a Oliver E. Williamson a ich prínos do dejín financií  |c Peter Baláži 
520 |a Držiteľmi Nobelovej ceny sú Elinor Ostromová a Oliver Williamson. Toto prestížne ocenenie získali za rok 2009. Ostromová získala ocenenie za to, že dokázala ako môže byť spoločný majetok úspešne riadený asociáciami jeho užívateľov. Vypracovala analýzu ekonomického riadenia v oblasti verejných statkov. 
610 2 0 |a Nobelova cena 
610 2 0 |a Ostrom Elinor 
610 2 0 |a teórie ekonomické 
610 2 0 |a statky verejné 
100 1 |a Baláži, Peter